000 00420nam a2200157Ia 4500
003 GCL
008 140319s9999 xx 000 0 eng d
040 _aGCL /
_cGCL
082 0 4 _a778.9
_bH M
100 1 _aHARRIS, MICHAEL G
245 1 0 _aTHE MANUAL OF INTERIOR PHOTOGRAPHY /
_cHARRIS, MICHAEL G
260 _a[S.N] :
_bFOCAL PRESS ،
_c1993
300 _a105\P
650 0 4 _aPHOTOGRAPHY - INTERIORS
942 _2ddc
_cBK
999 _c12130
_d12130